000 00700nam a2200181 a 4500
001 BRCA_8423
005 20190320210256.0
008 250815s2015----mx-a######---#000-0#spa-#
020 _a9786079677602
041 _aspa
050 4 _bC56 2015
245 1 0 _aCinco siglos de documentos notariales en la historia de México
_bÉpoca virreinal.
260 _aMéxico
_bAmigos del Acervo Histórico del Archivo General de Notarías A.C. de la Ciudad de México : Quinta Chilla Ediciones
_c2015
300 _a237 p.
_bil. a color
_c34 cm.
500 _aIncluye piezas de la colección Franz Mayer: p. [10], 108-109, 116-117, 178-179 y 229
504 _aIncluye referencias bibliográficas
942 _2lcc
_cB
999 _c8090
_d8090